000 01135nam a22002657a 4500
005 20170124103159.0
010 _aB-242211
020 _c120.00
_a8171245196
035 _aB-242211
037 _bCen Lib/Ret
040 _aDPL
_bHN
082 _a782.08
_bकविम
100 _aकविमंडन, आर.वी.
_990748
245 _aकर्नाटक संगीत पद्धति /
_cआर.वी.कविमंडन ; सम्पादक एल.उमाशंकर सिंह
246 _aKarnatak sangeet paddhti /
_bby R.V.Kavimandan ; sampadak L.Umashankar Singh
260 _aवाराणसी
_bविश्वविद्यालय प्रकाशन
_c2006
270 _aचौक
_bवाराणसी
_e221 001
300 _a75पृ.
_c22सेमी(अजिल्द)
650 _aकर्नाटक -- संगीत
_990749
650 _aसंगीत
_990750
650 _aKarnataka - Music
_990751
650 _aMusic
_94778
700 _aसिंह, एल.उमाशंकर
_990752
942 _2ddc
_cHN
_h782.08
_mकविम
999 _c120499
_d120499